Genealogía del sujeto moderno : Michel Foucault /
Guardado en:
| Autor Corporativo: | |
|---|---|
| Formato: | |
| Series: | Historia de la psicología
|
| Materias: | |
| Etiquetas: |
Agregar Etiqueta
Sin Etiquetas, Sea el primero en etiquetar este registro!
|
| LEADER | 00933ngm a22002535g 4500 | ||
|---|---|---|---|
| 001 | CEM.cems022793 | ||
| 008 | 130507b2006##################0###0#####d | ||
| 005 | 20241120132855.0 | ||
| 245 | 1 | 0 | |a Genealogía del sujeto moderno : |b Michel Foucault / |c Canal A. |
| 300 | |a 25'. | ||
| 490 | 0 | |a Historia de la psicología | |
| 500 | |a En soporte VHS, consultar en ventanilla. | ||
| 538 | |a Soporte: VHS - Norma: Pal N - Color: Si - Grabación DRD 2006 - Hitachi=5345 | ||
| 505 | 0 | |a Michel Foucault. La genealogía. Lo normal y lo patológico. El concepto de poder. La sexualidad como producción histórica. La sexualidad como dispositivo. | |
| 110 | 2 | |a Canal A. | |
| 082 | 1 | 5 | |/ PSI |
| 653 | |a PSICOLOGIA | ||
| 653 | |a FOUCAULT | ||
| 653 | |a FILOSOFIA | ||
| 653 | |a SEXUALIDAD | ||
| 653 | |a GENEALOGIA | ||
| 653 | |a NIVEL PRIMARIO | ||
| 653 | |a NIVEL SECUNDARIO | ||
| 859 | |a CEMS |b BIB. CEMS - Depto. Recursos Didacticos |h 150 |i PSI |k DRD |p 1436.12 |t Ej.1 | ||
